| 000 | 00541nam a2200229Ia 4500 | ||
|---|---|---|---|
| 003 | OSt | ||
| 005 | 20221005133212.0 | ||
| 006 | a|||||r|||| 00| 0 | ||
| 007 | ta | ||
| 008 | 221004b |||||||| |||| 00| 0 eng d | ||
| 024 | _a117771 | ||
| 037 | _cTextual | ||
| 040 |
_aCRL _cCRL _beng |
||
| 041 |
_2eng _aeng |
||
| 100 | _aKapoor N D | ||
| 245 | 0 | _aVyaparik Sanniniyam | |
| 260 | _c1975 | ||
| 650 | _aECONOMICS | ||
| 700 |
_a Pagare Dinkar _9257046 |
||
| 942 |
_cTEXL _2cc |
||
| 999 |
_c1066101 _d1066101 |
||